Polarización al rojo vivo
Guardado en:
| Formato: | Texto |
|---|---|
| Materias: | |
| Etiquetas: |
Agregar Etiqueta
Sin Etiquetas, Sea el primero en etiquetar este registro!
|
MARC
| LEADER | 00000 a a2200000 04500 | ||
|---|---|---|---|
| 001 | 7060 | ||
| 003 | |||
| 040 | |||
| 245 | |a Polarización al rojo vivo | ||
| 650 | |a POLOS DE CRECIMIENTO | ||
| 650 | |a AJUSTE ESTRUCTURAL | ||
| 650 | |a CRISIS | ||
| 650 | |a CRISIS POLITICA | ||
| 650 | |a VIOLENCIA | ||
| 650 | |a CORRUPCION | ||
| 773 | |g volumen 12, número 141; páginas 3-15 | ||
| 999 | |c 21972 |d 21972 | ||
